000 01269 a2200241 4500
001 123212
020 _a9780141329703
040 _cEscola Canadense de Niteroi
090 _aMAG
100 _aMagorian, Michelle
245 1 0 _aGoodnight Mister Tom
300 _c7 x 3.18 x 19.69 cm
362 0 _a2010
520 _aLondon is poised on the brink of World War II. Timid, scrawny Willie Beech -- the abused child of a single mother -- is evacuated to the English countryside. At first, he is terrified of everything, of the country sounds and sights, even of Mr. Tom, the gruff, kindly old man who has taken him in. But gradually Willie forgets the hate and despair of his past. He learns to love a world he never knew existed, a world of friendship and affection in which harsh words and daily beatings have no place. Then a telegram comes. Willie must return to his mother in London. When weeks pass by with no word from Willie, Mr. Tom sets out for London to look for the young boy he has come to love as a son.
650 4 _aFamily Problems
650 4 _aBooks That Have Movies
650 4 _aSecond World War
650 4 _aChildren and War
650 4 _aYoung Adult Literature
650 4 _aHistorical Fiction
650 4 _aFriendship
942 _cBK
999 _c123212
_d123212